Microcomputer applications in transportation III : (Record no. 550002)
[ view plain ]
| 000 -LEADER | |
|---|---|
| fixed length control field | 00972cam a2200193 a 4500 |
| 020 ## - INTERNATIONAL STANDARD BOOK NUMBER | |
| International Standard Book Number | 0872627578 |
| 082 00 - DEWEY DECIMAL CLASSIFICATION NUMBER | |
| Classification number | 388.0285416 |
| Author Mark | MIC |
| 245 10 - TITLE STATEMENT | |
| Title | Microcomputer applications in transportation III : |
| Remainder of title | proceedings of the International Conference on Microcomputers in Transportation / |
| Statement of responsibility, etc. | sponsored by the Urban Transportation Division of the American Society of Civil Engineers, San Francisco, California, June 21-23, 1989 ; Kenneth S. Opiela, editor ; Robert E. Stammer, associate editor. |
| 260 ## - PUBLICATION, DISTRIBUTION, ETC. | |
| Place of publication, distribution, etc. | New York, N.Y. : |
| Name of publisher, distributor, etc. | American Society of Civil Engineers, |
| Date of publication, distribution, etc. | c1990. |
| 300 ## - PHYSICAL DESCRIPTION | |
| Extent | 2 v. (ix, 1290 p.) : |
| Other physical details | ill. ; |
| Dimensions | 22 cm. |
| 526 ## - STUDY PROGRAM INFORMATION NOTE | |
| Program name | 0 |
| Interest level | 0 |
| Reading level | 0 |
| Title point value | 388_028541600000000_MIC |
| 650 #0 - SUBJECT ADDED ENTRY--TOPICAL TERM | |
| Topical term or geographic name entry element | MCE |
| 9 (RLIN) | 379 |
| 650 #0 - SUBJECT ADDED ENTRY--TOPICAL TERM | |
| Topical term or geographic name entry element | Microcomputers |
| General subdivision | Congresses. |
| 9 (RLIN) | 46701 |
| 650 #0 - SUBJECT ADDED ENTRY--TOPICAL TERM | |
| Topical term or geographic name entry element | Transportation engineering |
| General subdivision | Data processing |
| -- | Congresses. |
| 9 (RLIN) | 46702 |
| 700 1# - ADDED ENTRY--PERSONAL NAME | |
| Personal name | Opiela, Kenneth S., |
| 9 (RLIN) | 46703 |
| 700 1# - ADDED ENTRY--PERSONAL NAME | |
| Personal name | Stammer, Robert. |
| 9 (RLIN) | 44297 |
| 710 2# - ADDED ENTRY--CORPORATE NAME | |
| Corporate name or jurisdiction name as entry element | American Society of Civil Engineers. |
| 9 (RLIN) | 702 |
| 942 ## - ADDED ENTRY ELEMENTS (KOHA) | |
| Source of classification or shelving scheme | |
| Koha item type | Book |
| Withdrawn status | Lost status | Source of classification or shelving scheme | Damaged status | Not for loan | Permanent Location | Current Location | Date acquired | Total Checkouts | Full call number | Barcode | Date last seen | Price effective from | Koha item type |
|---|---|---|---|---|---|---|---|---|---|---|---|---|---|
| Military College of Engineering (MCE) | Military College of Engineering (MCE) | 10/17/2014 | 388.0285416 MIC | MCE-42652 | 10/17/2014 | 10/17/2014 | Book |
